书目信息 |
| 题名: |
电动汽车无线充电系统原理与设计
|
|
| 作者: | 魏学哲 , 罗志超 , 熊萌 著 | |
| 分册: | ||
| 出版信息: | 上海 同济大学出版社 2021.03 |
|
| 页数: | 245页 | |
| 开本: | 25cm | |
| 丛书名: | ||
| 单 册: | ||
| 中图分类: | U469.72 | |
| 科图分类: | ||
| 主题词: | 电动汽车--dian dong qi che--充电--研究 | |
| 电子资源: | ||
| ISBN: | 978-7-5608-9569-7 | |
| 000 | 01015nam0 2200253 450 | |
| 001 | 011025152734 | |
| 005 | 20221025152734.0 | |
| 010 | @a978-7-5608-9569-7@b精装@dCNY128.00 | |
| 100 | @a20201004d2021 em y0chiy0120 ea | |
| 101 | 0 | @achi |
| 102 | @aCN@b310000 | |
| 105 | @aa z 000yy | |
| 106 | @ar | |
| 200 | 1 | @a电动汽车无线充电系统原理与设计@Adian dong qi che wu xian chong dian xi tong yuan li yu she ji@f魏学哲, 罗志超, 熊萌著 |
| 210 | @a上海@c同济大学出版社@d2021.03 | |
| 215 | @a245页@c图@d25cm | |
| 300 | @a“十三五”国家重点图书出版规划项目智能型新能源汽车关键技术 | |
| 330 | @a本书共分6部分,内容包括:绪论、无线电能传输系统谐振补偿拓扑、无线电能传输系统磁能线圈组设计、磁芯非线性及其优化、车载无线充电系统电路及其控制策略、车载无线充电系统前沿技术。 | |
| 606 | 0 | @a电动汽车@Adian dong qi che@x充电@x研究 |
| 690 | @aU469.72@v5 | |
| 701 | 0 | @a魏学哲@Awei xue zhe@f(1970~)@4著 |
| 701 | 0 | @a罗志超@Aluo zhi chao@4著 |
| 701 | 0 | @a熊萌@Axiong meng@4著 |
| 905 | @a河南城建学院图书馆@dU469.72@eW604 | |
| 电动汽车无线充电系统原理与设计/魏学哲, 罗志超, 熊萌著.-上海:同济大学出版社,2021.03 |
| 245页:图;25cm |
| “十三五”国家重点图书出版规划项目智能型新能源汽车关键技术 |
| ISBN 978-7-5608-9569-7(精装):CNY128.00 |
| 本书共分6部分,内容包括:绪论、无线电能传输系统谐振补偿拓扑、无线电能传输系统磁能线圈组设计、磁芯非线性及其优化、车载无线充电系统电路及其控制策略、车载无线充电系统前沿技术。 |
| ● |
| 相关链接 |
|
|
|
正题名:电动汽车无线充电系统原理与设计
索取号:U469.72/W604
 
预约/预借
| 序号 | 登录号 | 条形码 | 馆藏地/架位号 | 状态 | 备注 |
| 1 | 1585543 | 215855439 | 自科库501/501自科库 56排6列3层/ [索取号:U469.72/W604] | 在馆 |